Thomas's Executors (Executors of Edward Thomas deceased) v Merthyr Tydfil CBC (Record no. 73273)
[ view plain ]
| 000 -LEADER | |
|---|---|
| fixed length control field | 01706cam a2200217 4500 |
| 001 - CONTROL NUMBER | |
| control field | ABS66978 |
| 008 - FIXED-LENGTH DATA ELEMENTS--GENERAL INFORMATION | |
| fixed length control field | 111219e2003 000 0 eng u |
| 035 ## - SYSTEM CONTROL NUMBER | |
| System control number | (Sirsi) u123342 |
| 245 ## - TITLE STATEMENT | |
| Title | Thomas's Executors (Executors of Edward Thomas deceased) v Merthyr Tydfil CBC |
| 260 ## - PUBLICATION, DISTRIBUTION, ETC. | |
| Date of publication, distribution, etc. | 2003 |
| 490 ## - SERIES STATEMENT | |
| Series statement | Rating and Valuation Reporter |
| Volume/sequential designation | [2003] RVR 246-260(15) |
| 520 ## - SUMMARY, ETC. | |
| Summary, etc. | ACQ/206/2000, 26 February 2003. Claim for compensation for the compulsory acquisition of land for a reclamation scheme. The valuation date was 29 March 1996. The land was divided into five blocks and the value of blocks one, four and five agreed at £2 100 each. The value of block two was agreed at £559 865 but there was disagreement as to whether a ransom payment for access would have to be paid to owner for the adjacent site and deducted from this figure. The claimant (T) valued block 3 at £1.56m on the grounds that it had value for mineral extraction whilst M valued this piece of land at nil because a certificate under the Land Compensation Act 1961 s17 stated that no planning permission would be granted and therefore the minerals had no commercial value. LT awarded T £282 000 in total made up of £2 100 for blocks one, four and five plus £279 000 for block two and nil for block three. |
| 590 ## - LOCAL NOTE (RLIN) | |
| Local note | ABS |
| 650 ## - SUBJECT ADDED ENTRY--TOPICAL TERM | |
| Topical term or geographic name entry element | THOMAS'S EXECUTORS V MERTHYR TYDFIL BC |
| 650 ## - SUBJECT ADDED ENTRY--TOPICAL TERM | |
| Topical term or geographic name entry element | RANSOM STRIPS |
| 650 ## - SUBJECT ADDED ENTRY--TOPICAL TERM | |
| Topical term or geographic name entry element | PLANNING PERMISSION |
| 650 ## - SUBJECT ADDED ENTRY--TOPICAL TERM | |
| Topical term or geographic name entry element | MINERAL EXTRACTION |
| 690 ## - LOCAL SUBJECT ADDED ENTRY--TOPICAL TERM (OCLC, RLIN) | |
| Topical term or geographic name as entry element | ENVIRONMENTAL AND LAND CONSULTANCY-PLANNING AND DEVELOPMENT-COMPULSORY PURCHASE AND COMPENSATION |
| 856 ## - ELECTRONIC LOCATION AND ACCESS | |
| Uniform Resource Identifier | <a href="https://www.bailii.org/ew/cases/EWLands/2002/ACQ_206_2000.html">https://www.bailii.org/ew/cases/EWLands/2002/ACQ_206_2000.html</a> |
| Public note | View the judgment free of charge at www.bailii.org |
| 942 ## - ADDED ENTRY ELEMENTS (KOHA) | |
| Suppress in OPAC | 0 |
| Withdrawn status | Lost status | Source of classification or shelving scheme | Damaged status | Not for loan | Home library | Current library | Shelving location | Date acquired | Total Checkouts | Full call number | Barcode | Date last seen | Copy number | Price effective from | Koha item type |
|---|---|---|---|---|---|---|---|---|---|---|---|---|---|---|---|
| Dewey Decimal Classification | London | London | Journal article | 21/08/2003 | ABS66978 | 123342-1001 | 06/08/2019 | 1 | 06/08/2019 | Law report |